Abeceda obchodu: Obchodní zástupci, výhradní dovozci

Zahraničná predajná sieť - funkcie: sprostredkovateľ, obchodný zástupca, komisionár, výhradný dovozca. Vyhľadávanie zástupcov a výhradných dovozcov.

Guardado en:
Detalles Bibliográficos
Autor principal: Kachlík, Alfons
Formato: Capítulo de libro
Lenguaje:checo
Materias:
Etiquetas: Agregar Etiqueta
Sin Etiquetas, Sea el primero en etiquetar este registro!

MARC

LEADER 00000naa a2200000 4500
001 r048626
005 20230908091434.0
041 0 |a cze 
044 |a CZ 
245 1 0 |a Abeceda obchodu: Obchodní zástupci, výhradní dovozci  |c Alfons Kachlík 
520 |a Zahraničná predajná sieť - funkcie: sprostredkovateľ, obchodný zástupca, komisionár, výhradný dovozca. Vyhľadávanie zástupcov a výhradných dovozcov. 
610 2 0 |a obchod zahraničný 
610 2 0 |a zástupcovia obchodní 
610 2 0 |a dovoz 
610 2 0 |a siete obchodné 
100 1 |a Kachlík, Alfons